| 000 | 01109cam a2200277 4500 | ||
|---|---|---|---|
| 008 | 011116n2002 000 0 eng u | ||
| 020 | _a1860815154 | ||
| 035 | _a(Sirsi) u115620 | ||
| 100 |
_aStirling, C. _xEditor |
||
| 110 | _aBuilding Research Establishment | ||
| 245 | _aThermal insulation: avoiding risks, a good practice guide supporting building regulation requirements. | ||
| 250 | _a3rd ed. | ||
| 260 |
_bConstruction Research Communications Ltd _c2002 |
||
| 300 |
_av,80p. _c30cm. |
||
| 350 | _a25.00 | ||
| 520 | _aSupports the building regulations for the conservation of fuel and power. Discusses the more technical risks associated with meeting the requirements of building regulations for thermal insulation. | ||
| 650 | _aTHERMAL INSULATION | ||
| 650 | _aENERGY CONSERVATION | ||
| 650 |
_aBUILDING REGULATIONS _96224 |
||
| 650 | _aCONSTRUCTION METHODS | ||
| 650 | _aGOOD PRACTICE | ||
| 690 | _aBUILDING AND CONSTRUCTION-REGULATIONS | ||
| 710 | _aBuilding Research Establishment | ||
| 710 |
_aDepartment for Transport, Local Government and the Regions _94091 |
||
| 942 | _n0 | ||
| 999 |
_c101776 _d101776 |
||